| 000 | 00775nam a22002297a 4500 | ||
|---|---|---|---|
| 999 |
_c16498 _d16498 |
||
| 003 | AR-CdUCM | ||
| 008 | 190503b ||||| |||| 00| 0 spa d | ||
| 040 |
_aMUNICIPALIDAD PROVINCIAL DEL CUSCO _cBIBLIOTECA MUNICIPAL DEL CUSCO |
||
| 082 |
_a400 / _bS62 |
||
| 100 |
_aSnell, Bruno _935972 |
||
| 245 | _aLa estructura del lenguaje / | ||
| 260 |
_aMadrid : _bGredos, _c1952. |
||
| 300 |
_a218 páginas ; _c20 cm. |
||
| 440 |
_aBiblioteca románica hispánica _920948 |
||
| 505 | _aContenido : Morfología del lenguaje -- Los movimientos -- Los sonidos -- La palabra -- La oración ... | ||
| 650 |
_aLenguaje _95227 |
||
| 650 |
_aEstructura _941 |
||
| 650 |
_aMorfología _915689 |
||
| 700 |
_aMacau de Lledo, M. _935973 |
||
| 942 |
_2ddc _cLIBROS |
||
| 945 |
_arah _d03/05/2019 |
||